|
|
|
|
| LEADER |
00000nab#a22000007a#4500 |
| 001 |
arbauad004677 |
| 003 |
AR-BaUAD |
| 005 |
20250711110644.0 |
| 008 |
940708|||||||||###||||||b###|0###a|spa|| |
| 040 |
|
|
|a AR-BaUAD
|c AR-BaUAD
|b spa
|
| 245 |
1 |
0 |
|a Concurso Nacional de Anteproyectos para la construcción del Teatro Argentino de La Plata
|
| 300 |
0 |
|
|b axonom., cortes, fot., plantas, vistas
|
| 500 |
|
|
|a 1º, 2º, 3º y 4º premio. -- Memorias descriptivas
|
| 653 |
|
|
|a CONCURSOS
|
| 653 |
|
|
|a TEATROS
|
| 653 |
|
|
|a TEATRO ARGENTINO
|
| 653 |
|
|
|a LA PLATA
|
| 653 |
|
|
|a BUENOS AIRES, PROVINCIA
|
| 653 |
|
|
|a ARGENTINA
|
| 653 |
|
|
|a ANTEPROYECTOS
|
| 653 |
|
|
|a BARES, ENRIQUE
|
| 653 |
|
|
|a GARCIA, TOMAS
|
| 653 |
|
|
|a GERMANI, ROBERTO
|
| 653 |
|
|
|a RUBIO, INES
|
| 653 |
|
|
|a SBARRA, ALBERTO
|
| 653 |
|
|
|a UCAR, CARLOS
|
| 653 |
|
|
|a CATALANO, EDUARDO
|
| 653 |
|
|
|a ALVAREZ, MARIO ROBERTO
|
| 653 |
|
|
|a SICHERO BOURET, RAUL
|
| 653 |
|
|
|a KOPILOFF, LEONARDO
|
| 653 |
|
|
|a GUIRAUD, EDUARDO PEDRO
|
| 653 |
|
|
|a BERNABO, HERNAN CESAR
|
| 653 |
|
|
|a LLAURO, JUAN MANUEL
|
| 653 |
|
|
|a URGELL, JOSE ANTONIO
|
| 653 |
|
|
|a FACIO, ENRIQUE CESAR
|
| 773 |
0 |
|
|t SUMMA
|g no. 153-154 [sep. 1980], p. 49-126
|
| 942 |
|
|
|c ARTI
|
| 952 |
|
|
|0 0
|1 0
|4 0
|7 0
|9 49597
|a AR-BAuAD
|b AR-BAuAD
|d 2025-07-11
|l 0
|p AAQA004677
|r 2025-07-11 11:06:44
|w 2025-07-11
|y ARTI
|
| 990 |
|
|
|a AQ198
|b TD
|
| 998 |
|
|
|a AAQ
|b BIBUN76
|
| 999 |
|
|
|c 29270
|d 29270
|